Sheffield Wednesday 2024-25 squad - Statistics

General Stats
  • This quiz has been taken 36 times
  • The average score is 21 of 26
Answer Stats
Squad no. Position Country Answer % Correct
10. (C) MF SCO Barry Bannan
100%
47. GK NIR Pierce Charles
100%
44. MF NIR Shea Charles
100%
13. FW SCO Callum Paterson
96%
9. FW JAM Jamal Lowe
96%
1. GK ENG James Beadle
96%
11. FW ENG Josh Windass
96%
3. DF ENG Max Lowe
96%
45. FW NED Anthony Musaba
92%
41. FW FRA Djeidi Gassama
92%
12. FW CAN Iké Ugbo
92%
2. DF SCO Liam Palmer
92%
14. DF ESP Pol Valentín
92%
27. DF TUN Yan Valery
92%
6. DF ENG Dominic Iorfa
88%
5. DF JAM Di'Shon Bernard
79%
24. FW ENG Michael Smith
79%
8. MF SWE Svante Ingelsson
79%
18. MF ENG Marvin Johnson
71%
19. FW POL Olaf Kobacki
71%
26. GK ENG Ben Hamer
67%
4. MF ENG Nathaniel Chalobah
63%
23. DF ENG Akin Famewo
54%
20. DF ENG Michael Ihiekwe
42%
17. FW ENG Charlie McNeill
33%
30. MF ENG Sean Fusire
21%
No matching quizzes found
Score Distribution
Percent of People with Each Score
Percentile by Number Answered
Your Score History
You have not taken this quiz